Текст томруулах:    
Beyond NAFTA (Бичлэгийн дугаар. 145154)
000 -УДИРДЛАГА
Удирдлага 01137nam a22003497a 4500
003 - ХЯНАЛТЫН ТОО ТОДОРХОЙЛОГЧ
Код MN-UlNUM
005 - БИЧИЛТ ХИЙСЭН ОГНОО
Тухайн бичилтийг бичсэн засварласан сүүлийн огноо 20251030154613.0
008 - ЕРӨНХИЙ МЭДЭЭЛЭЛ
Ерөнхий мэдээлэл 251030s1993 bcca b 100 0 eng d
020 ## - ISBN
ISBN 0889751625
040 ## - БИЧЛЭГ ҮҮСГЭГЧ БАЙГУУЛЛАГА
Бичлэг үүсгэгч номын сангийн код МУИС-ийн номын сан
084 ## - ББК АНГИЛАЛ
Нэмэлт тусгалт Гарын авлага
ББК ангилал 65.428
Зохиогчийн гурван тэмдэгт B 55
Мэдлэгийн ялгаа 65 - Эдийн засаг
110 ## - ЭРХЛЭН ГАРГАСАН /БАЙГУУЛЛАГА/
Эрхлэн гаргасан байгууллага Fraser Institute (Vancouver, B.C.)
245 ## - ҮНДСЭН ГАРЧИГ
Номын нэр Beyond NAFTA
Бага гарчгийн мэдээ An economic, political, and sociological perspective
Оролцогчдын тухай мэдээ edited by A.R. Riggs and Tom Velk
260 ## - ГАРАЛТЫН МЭДЭЭ
Хэвлэгдсэн газар Vancouver :
Хэвлэлийн газар Fraser Institute,
Хэвлэгдсэн он c1993
300 ## - МАТЕРИАЛЫН ТОДОРХОЙЛОЛТ
хуудасны тоо xxi, 272 p. :
Бусад тоон мэдээлэл ill. ;
Хэмжээ 22 cm
500 ## - Тайлбар
Дансны дугаар БС 5615
546 ## - ХЭЛНИЙ ТУХАЙ МЭДЭЭ
Хэл Англи хэл дээр,
653 ## - Түлхүүр үг
Түлхүүр үг North America
653 ## - Түлхүүр үг
Түлхүүр үг free trade
653 ## - Түлхүүр үг
Түлхүүр үг foreign trade regulation
700 1# - ХАМ ЗОХИОГЧИД
Ба бус Riggs, A. R.
700 1# - ХАМ ЗОХИОГЧИД
Ба бус Velk, Tom,
Dates associated with a name 1938-
740 ## - НОМЫН ГАРЧИГ
Гарчиг NAFTA: Background and prospects
740 ## - НОМЫН ГАРЧИГ
Гарчиг What's in it for Canada?
740 ## - НОМЫН ГАРЧИГ
Гарчиг What's in it for the United States?
740 ## - НОМЫН ГАРЧИГ
Гарчиг What's in it for the business community?
740 ## - НОМЫН ГАРЧИГ
Гарчиг What's in it for Mexico and the Hemisphere?
740 ## - НОМЫН ГАРЧИГ
Гарчиг Law and dispute settlement
942 ## - ЭЛЕМЕНТИЙН ТӨРӨЛ
Зүйлийн төрөл Ном